| 000 | 01047na a2200313 4500 | ||
|---|---|---|---|
| 001 | 23937 | ||
| 003 | MIRAKIL | ||
| 005 | 20181213155324.0 | ||
| 008 | 180124b tu 000 0 | ||
| 035 | _a18802 | ||
| 040 |
_aMilas _btur _cTR-AnCHP |
||
| 041 |
_atur _aeng |
||
| 082 |
_a352.5642228 _bS39 [2017] |
||
| 090 | _a352.5642228 S39 [2017] | ||
| 110 | _aSeyhan Belediyesi | ||
| 245 |
_aSeyhan Belediyesi _bvizyon projeler ve belediyecilik hizmetleri _bne yaptık ne yapıyoruz? _cSeyhan Belediyesi |
||
| 246 | _aNe yaptık ne yapıyoruz? | ||
| 246 | _avizyon projeler ve belediyecilik hizmetleri | ||
| 260 |
_aAdana _bSeyhan Belediyesi _c[2017] |
||
| 300 |
_a124 s. _bfotğ. _c26 sm. |
||
| 500 | _aMetinler Türkçe-İngilizce karşılıklıdır. | ||
| 610 |
_aSeyhan Belediyesi _xFaaliyetler _zTürkiye |
||
| 650 |
_aYerel yönetimler _zTürkiye |
||
| 651 |
_aSeyhan _zTürkiye |
||
| 710 | _aSeyhan Belediyesi | ||
| 740 | _aNe yaptık ne yapıyoruz? | ||
| 740 | _avizyon projeler ve belediyecilik hizmetleri | ||
| 942 |
_2ddc _cBKS |
||
| 999 |
_c10503 _d10503 |
||